Visualizzazione normale
Vista MARC
- Polanski Roman
di Personal Name
Records bibliografici associati: 1
001 - CONTROL NUMBER
- control field: 48199
003 - CONTROL NUMBER IDENTIFIER
- control field: IT-RoPau
005 - DATE AND TIME OF LATEST TRANSACTION
- control field: 20151201121419.0
008 - FIXED-LENGTH DATA ELEMENTS
- fixed length control field: 151201|| aca||aabn | a|a d
040 ## - CATALOGING SOURCE
- Original cataloging agency: IT-RoPau
- Transcribing agency: IT-RoPau
100 ## - HEADING--PERSONAL NAME
- Personal name: Polanski Roman
- Relator term: (regista)
- Miscellaneous information: Codice regista SPICS: 1627
670 ## - SOURCE DATA FOUND
- Source citation: Work cat.: (IT-RoPau)106686: Polanski Roman Codice regista SPICS: 1627 48195, TESS TESS (Rif. Codice opera principale : 21585)